000 00289nam a22001217a 4500
008 181217b xxu||||| |||| 00| 0 eng d
041 _aeng
080 _22nd
_a610
100 _a4
101 _aSHM
245 _aManual of Medical Care of the Surgical Patient
_cPapper,S
942 _2udc
_cBK
999 _c53245
_d53245